[Event "Rondonia-ch"]
[Site "Porto Velho"]
[Date "2024.10.18"]
[Round "2"]
[White "Souza, Neurismar da Rocha"]
[Black "Auzier Neto, Jesse Vale"]
[Result "0-1"]
[WhiteElo "1691"]
[BlackElo "1920"]
[PlyCount "41"]
[EventDate "2024.10.18"]
[EventType "swiss"]
[EventRounds "6"]
[EventCountry "BRA"]
[SourceTitle "CB44_2024"]
[Source "Chessbase"]
[SourceDate "2024.10.30"]
[SourceVersion "1"]
[SourceVersionDate "2024.10.30"]
[SourceQuality "1"]

1. e4 c6 2. d4 d5 3. Nc3 dxe4 4. Nxe4 Nd7 5. Bc4 Ngf6 6. Ng5 e6 7. Qe2 Nb6 8. Bb3 Bd6 9. N1f3 0-0 10. c4 c5 11. dxc5 Bxc5 12. 0-0 Qc7 13. Bc2 Be7 14. b3 h6 15. Nh3 Nbd7 16. Bb2 b6 17. Rad1 Bb7 18. Ne5 Rad8 19. Rfe1 Nxe5 20. Bxe5 Qc6 21. f3 0-1

[Event "BRA-ch Amateur U1600"]
[Site "Sao Paulo"]
[Date "2022.06.18"]
[Round "6"]
[White "Souza, Neurismar da Rocha"]
[Black "De Azevedo Filho, Wilson"]
[Result "1-0"]
[WhiteElo "1479"]
[BlackElo "1185"]
[PlyCount "61"]
[EventDate "2022.06.16"]
[EventType "swiss"]
[EventRounds "7"]
[EventCountry "BRA"]
[SourceTitle "CBM 208 Extra"]
[Source "ChessBase"]
[SourceDate "2022.07.31"]
[SourceVersion "1"]
[SourceVersionDate "2022.07.31"]
[SourceQuality "1"]

1. e4 e6 2. Nf3 c5 3. d4 d5 4. exd5 exd5 5. Nc3 Nf6 6. Bg5 Be6 7. Bb5+ Nc6 8. Ne5 Rc8 9. 0-0 Be7 10. Re1 0-0 11. Bxc6 bxc6 12. Ne2 Ne4 13. Be3 c4 14. c3 Bg4 15. f4 Bh4 16. Rf1 f5 17. Qa4 Qb6 18. b4 Rf6 19. Nf3 g5 20. fxg5 Bxg5 21. Nxg5 Nxg5 22. Bxg5 Rg6 23. h4 h6 24. Nf4 Rxg5 25. hxg5 Bh5 26. gxh6 Qc7 27. Rae1 Kh7 28. Qd1 Rg8 29. Re7+ Kh8 30. Qxh5 Qd8 31. Qf7 1-0

[Event "Rio Branco Regional Norte"]
[Site "Rio Branco"]
[Date "2021.11.27"]
[Round "5"]
[White "Silva, Antonelli Santos"]
[Black "Souza, Neurismar da Rocha"]
[Result "1/2-1/2"]
[WhiteElo "1674"]
[BlackElo "1490"]
[PlyCount "62"]
[EventDate "2021.11.25"]
[EventType "swiss"]
[EventRounds "6"]
[EventCountry "BRA"]
[SourceTitle "CBM 205 Extra"]
[Source "ChessBase"]
[SourceDate "2022.01.31"]
[SourceVersion "1"]
[SourceVersionDate "2022.01.31"]
[SourceQuality "1"]

1. d4 d5 2. Nf3 e6 3. Bf4 b6 4. e3 Bb7 5. Bd3 Nf6 6. Nbd2 Bd6 7. Bg3 0-0 8. 0-0 Nbd7 9. c3 Ne4 10. Bxd6 Nxd6 11. Qe2 f5 12. Ne5 c5 13. f4 Re8 14. Qd1 cxd4 15. cxd4 Nf6 16. Rf3 Nc4 17. b3 Nxd2 18. Qxd2 Ne4 19. Bxe4 dxe4 20. Rff1 Rc8 21. Rac1 Re7 22. Rxc8 Qxc8 23. Rc1 Rc7 24. Rxc7 Qxc7 25. h4 h5 26. Qe2 Qc1+ 27. Kh2 Bd5 28. g3 a5 29. Kg2 Qc3 30. Kh3 Qc1 31. Kg2 Qc3 1/2-1/2

[Event "Sao Jose dos Campos op"]
[Site "Sao Jose dos Campos"]
[Date "2021.10.10"]
[Round "3"]
[White "De Oliveira, Rafael Eduardo Andr"]
[Black "Souza, Neurismar da Rocha"]
[Result "0-1"]
[WhiteElo "1800"]
[BlackElo "1503"]
[PlyCount "94"]
[EventDate "2021.10.09"]
[EventType "swiss"]
[EventRounds "7"]
[EventCountry "BRA"]
[SourceTitle "CBM 204 Extra"]
[Source "ChessBase"]
[SourceDate "2021.11.30"]
[SourceVersion "1"]
[SourceVersionDate "2021.11.30"]
[SourceQuality "1"]

1. e4 e5 2. Nf3 Nc6 3. Bc4 Bc5 4. c3 Nf6 5. d4 exd4 6. cxd4 Bb4+ 7. Bd2 Bxd2+ 8. Nbxd2 d5 9. exd5 Nxd5 10. 0-0 0-0 11. Nb3 Be6 12. Nc5 Bc8 13. Qc2 b6 14. Nb3 Be6 15. Bd3 Ncb4 16. Bxh7+ Kh8 17. Qe4 Nf6 18. Qe1 Nc2 19. Qb1 Nxa1 20. Bd3 Nxb3 21. axb3 Qd5 22. Bc4 Qf5 23. Bd3 Qh5 24. Qc2 c5 25. dxc5 Qxc5 26. Bc4 Bxc4 27. bxc4 g6 28. Qc3 Qf5 29. Nh4 Qg5 30. Nf3 Qf5 31. Nh4 Qe6 32. Re1 Qd6 33. Nf5 gxf5 34. Qh3+ Kg7 35. Qxf5 Rh8 36. Qg5+ Kf8 37. h4 Re8 38. Ra1 Qe5 39. Qd2 Rxh4 40. Qb4+ Kg7 41. g3 Ng4 42. Qd2 Rh2 43. Qd1 Qh5 44. Qf3 Rxf2 45. Qc3+ Kg8 46. Qg7+ Kxg7 47. Re1 Rxe1# 0-1

[Event "Goiania op"]
[Site "Goiania"]
[Date "2021.02.28"]
[Round "6"]
[White "Nobrega, Juliana Barbosa"]
[Black "Souza, Neurismar da Rocha"]
[Result "0-1"]
[WhiteElo "1713"]
[BlackElo "1474"]
[PlyCount "45"]
[EventDate "2021.02.26"]
[EventType "swiss"]
[EventRounds "6"]
[EventCountry "BRA"]
[SourceTitle "EXT 2022"]
[Source "ChessBase"]
[SourceDate "2021.10.06"]
[SourceVersion "1"]
[SourceVersionDate "2021.10.06"]
[SourceQuality "1"]

1. d4 d5 2. c4 e6 3. Nf3 Be7 4. e3 Nf6 5. Bd3 b6 6. Nc3 Bb7 7. 0-0 0-0 8. b3 Nbd7 9. Bb2 c5 10. Re1 Qc7 11. e4 cxd4 12. Nxd4 Ne5 13. Ncb5 Qb8 14. exd5 Neg4 15. g3 a6 16. Nc3 a5 17. Ne4 Bb4 18. Nxf6+ Nxf6 19. Nc6 Bxc6 20. dxc6 Qd8 21. Bxf6 Qxf6 22. Be4 Bxe1 23. Qxe1 0-1

[Event "Goiania op"]
[Site "Goiania"]
[Date "2021.02.27"]
[Round "4"]
[White "Garcia, Gabriel Gonzaga"]
[Black "Souza, Neurismar da Rocha"]
[Result "1/2-1/2"]
[WhiteElo "2165"]
[BlackElo "1474"]
[PlyCount "52"]
[EventDate "2021.02.26"]
[EventType "swiss"]
[EventRounds "6"]
[EventCountry "BRA"]
[SourceTitle "EXT 2022"]
[Source "ChessBase"]
[SourceDate "2021.10.06"]
[SourceVersion "1"]
[SourceVersionDate "2021.10.06"]
[SourceQuality "1"]

1. e4 e5 2. Nf3 Nc6 3. Bc4 Bc5 4. c3 Nf6 5. d4 exd4 6. cxd4 Bb4+ 7. Bd2 Bxd2+ 8. Nbxd2 d5 9. exd5 Nxd5 10. Qb3 Na5 11. Qa4+ Nc6 12. Qb3 Na5 13. Qa4+ Nc6 14. 0-0 0-0 15. Qc2 Be6 16. Rac1 Rc8 17. a3 Re8 18. Bb5 Bd7 19. Nb3 a6 20. Bxc6 Bxc6 21. Na5 Re6 22. Ne5 Ne7 23. Nexc6 Nxc6 24. Nxb7 Qxd4 25. Nc5 Rg6 26. Nxa6 Rxg2+ 1/2-1/2

[Event "Florianopolis op 7th"]
[Site "Florianopolis"]
[Date "2021.01.22"]
[Round "7"]
[White "Monteiro, Helen Ramazzotte"]
[Black "Souza, Neurismar da Rocha"]
[Result "1/2-1/2"]
[WhiteElo "1230"]
[BlackElo "1515"]
[PlyCount "160"]
[EventDate "2021.01.18"]
[EventType "swiss"]
[EventRounds "10"]
[EventCountry "BRA"]
[SourceTitle "CBM 200 Extra"]
[Source "ChessBase"]
[SourceDate "2021.03.31"]
[SourceVersion "1"]
[SourceVersionDate "2021.03.31"]
[SourceQuality "1"]

1. c4 e6 2. Nc3 d5 3. cxd5 exd5 4. Nf3 Nf6 5. d3 Nc6 6. g3 h6 7. Bg2 Bb4 8. 0-0 0-0 9. Bf4 a6 10. Rb1 Bf5 11. a3 Bc5 12. Qb3 Rb8 13. Ne5 Ne7 14. Nf3 Be6 15. Qc2 Bd6 16. Bxd6 Qxd6 17. Rfc1 c6 18. b4 Bf5 19. Qd2 Ng6 20. Na4 Nd7 21. Nc5 Nxc5 22. bxc5 Qe7 23. Rb2 Rfe8 24. e3 Nf8 25. d4 Nd7 26. Rc3 Nf6 27. Rcb3 Ne4 28. Qa5 f6 29. Nd2 Ng5 30. Bf1 Ne6 31. Bxa6 Nd8 32. Bd3 Bh3 33. Bf1 Bg4 34. Qa7 Rc8 35. a4 Rc7 36. Qa5 Qd7 37. Qc3 Nf7 38. Bg2 Ra8 39. a5 Ng5 40. Rb6 Be2 41. Nb1 Ba6 42. Bf1 Bxf1 43. Kxf1 Qh3+ 44. Ke1 Ra7 45. Ke2 Qxh2 46. Kd3 Ne4 47. Qe1 Nxg3 48. fxg3 Qh3 49. Qf2 Re7 50. Nc3 Qc8 51. Ra2 Qa8 52. g4 Rxa5 53. Rxa5 Qxa5 54. Qa2 Qxa2 55. Nxa2 f5 56. gxf5 Kf7 57. Nc3 Kf6 58. Rb1 Kxf5 59. Rf1+ Kg4 60. e4 dxe4+ 61. Nxe4 h5 62. Nd6 h4 63. Nf5 Rd7 64. Nxg7 h3 65. Nf5 h2 66. Ne3+ Kg3 67. Rh1 Rf7 68. Nf1+ Kg2 69. Rxh2+ Kxf1 70. Ra2 Rf3+ 71. Kc4 Re3 72. Ra7 Re7 73. d5 Re4+ 74. Kd3 cxd5 75. Rxb7 Kf2 76. c6 Rc4 77. Rc7 Ke1 78. Rc8 Kd1 79. c7 Kc1 80. Ke3 Kc2 1/2-1/2

[Event "Florianopolis op 7th"]
[Site "Florianopolis"]
[Date "2021.01.20"]
[Round "4"]
[White "Souza, Neurismar da Rocha"]
[Black "Silva, Janderson Rossi Da"]
[Result "0-1"]
[WhiteElo "1515"]
[BlackElo "1862"]
[PlyCount "126"]
[EventDate "2021.01.18"]
[EventType "swiss"]
[EventRounds "10"]
[EventCountry "BRA"]
[SourceTitle "CBM 200 Extra"]
[Source "ChessBase"]
[SourceDate "2021.03.31"]
[SourceVersion "1"]
[SourceVersionDate "2021.03.31"]
[SourceQuality "1"]

1. e4 c5 2. c3 Nf6 3. e5 Nd5 4. d4 e6 5. Nf3 Nc6 6. Bb5 cxd4 7. Bxc6 dxc6 8. cxd4 Be7 9. 0-0 0-0 10. Nc3 Nxc3 11. bxc3 c5 12. Ba3 Qa5 13. Bb2 Rd8 14. Re1 b6 15. Qb3 Bb7 16. Re3 Rac8 17. a4 cxd4 18. cxd4 Qd5 19. Qxd5 Bxd5 20. Rc3 Rxc3 21. Bxc3 Bxf3 22. gxf3 Rc8 23. Bd2 Rc4 24. Be3 Bb4 25. Rc1 Rxc1+ 26. Bxc1 Kf8 27. Kf1 Ke7 28. Ke2 Kd7 29. Kd3 Kc6 30. Kc4 Be1 31. Be3 a6 32. f4 g6 33. f3 b5+ 34. axb5+ axb5+ 35. Kb3 Kd5 36. h3 h5 37. Bg1 Bd2 38. f5 gxf5 39. Bf2 Ba5 40. Be3 Bb6 41. Kc3 b4+ 42. Kxb4 Bxd4 43. Bd2 Bxe5 44. Kb3 Bd4 45. Kc2 e5 46. Kd1 f4 47. Ke2 f5 48. Be1 Bg1 49. Bh4 Bc5 50. Be1 Ke6 51. Bh4 Be7 52. Be1 Kf7 53. Bc3 Bf6 54. Be1 Kg6 55. Bf2 Kg5 56. Be1 e4 57. Bf2 Bc3 58. h4+ Kf6 59. Bg1 e3 60. Bh2 Ke5 61. Bg1 Bb4 62. Bxe3 fxe3 63. Kxe3 Bc5+ 0-1

[Event "Florianopolis op 6th"]
[Site "Florianopolis"]
[Date "2020.01.23"]
[Round "6"]
[White "Souza, Neurismar da Rocha"]
[Black "Nunes, Nicole"]
[Result "1-0"]
[WhiteElo "1535"]
[BlackElo "1096"]
[PlyCount "39"]
[EventDate "2020.01.20"]
[EventType "swiss"]
[EventRounds "10"]
[EventCountry "BRA"]
[SourceTitle "CBM 194 Extra"]
[Source "ChessBase"]
[SourceDate "2020.03.31"]
[SourceVersion "1"]
[SourceVersionDate "2020.03.31"]
[SourceQuality "1"]

1. e4 c5 2. Nf3 g6 3. c3 Bg7 4. d4 cxd4 5. Nxd4 d6 6. Bb5+ Nd7 7. 0-0 Ngf6 8. Re1 e5 9. Nb3 Qb6 10. Bd3 Nc5 11. Nxc5 Qxc5 12. Be3 Qc6 13. a4 Nxe4 14. Bb5 0-0 15. Bxc6 bxc6 16. f3 d5 17. fxe4 dxe4 18. Bc5 Rd8 19. Qxd8+ Bf8 20. Qxf8# 1-0

[Event "Florianopolis op 6th"]
[Site "Florianopolis"]
[Date "2020.01.21"]
[Round "3"]
[White "Backes, Jorge Henrique Marx"]
[Black "Souza, Neurismar da Rocha"]
[Result "1-0"]
[WhiteElo "1761"]
[BlackElo "1535"]
[PlyCount "65"]
[EventDate "2020.01.20"]
[EventType "swiss"]
[EventRounds "10"]
[EventCountry "BRA"]
[SourceTitle "CBM 194 Extra"]
[Source "ChessBase"]
[SourceDate "2020.03.31"]
[SourceVersion "1"]
[SourceVersionDate "2020.03.31"]
[SourceQuality "1"]

1. c4 e6 2. g3 Nf6 3. Bg2 d5 4. Nf3 b6 5. 0-0 Bb7 6. b3 Nbd7 7. Bb2 Be7 8. d3 0-0 9. e3 c5 10. Nc3 Bc6 11. Ne2 Qc7 12. Rc1 dxc4 13. bxc4 Ng4 14. h3 Ngf6 15. g4 Rad8 16. Ng3 Qb7 17. g5 Ne8 18. e4 g6 19. Qd2 Bd6 20. Nh2 f5 21. f4 Ng7 22. h4 Rf7 23. h5 Kf8 24. Rce1 e5 25. exf5 Nxf5 26. Nxf5 Rxf5 27. fxe5 Be7 28. Rxf5+ gxf5 29. g6 Kg7 30. e6+ Nf6 31. h6+ Kf8 32. Qg5 Rd4 33. Bxd4 1-0

[Event "Cuiaba Contaud op"]
[Site "Cuiaba"]
[Date "2019.06.01"]
[Round "4"]
[White "Souza, Neurismar da Rocha"]
[Black "Dos Santos, Juliana Amorim"]
[Result "1-0"]
[WhiteElo "1620"]
[BlackElo "1760"]
[PlyCount "33"]
[EventDate "2019.05.31"]
[EventType "swiss"]
[EventRounds "6"]
[EventCountry "BRA"]
[SourceTitle "EXT 2020"]
[Source "ChessBase"]
[SourceDate "2019.10.17"]
[SourceVersion "1"]
[SourceVersionDate "2019.10.17"]
[SourceQuality "1"]

1. e4 c5 2. Nf3 e6 3. d4 cxd4 4. Nxd4 Nf6 5. Nc3 d6 6. Bg5 Be7 7. Ndb5 d5 8. exd5 a6 9. d6 axb5 10. dxe7 Qxe7 11. Bxb5+ Bd7 12. 0-0 h6 13. Bxf6 Qxf6 14. Qd6 Nc6 15. Rfe1 Rd8 16. Nd5 Qg5 17. Nc7# 1-0

[Event "Rio Branco op 2nd"]
[Site "Rio Branco"]
[Date "2019.04.21"]
[Round "5"]
[White "De Ferreira, Lavinia Vitoria"]
[Black "Souza, Neurismar da Rocha"]
[Result "0-1"]
[WhiteElo "1772"]
[BlackElo "1597"]
[PlyCount "94"]
[EventDate "2019.04.19"]
[EventType "swiss"]
[EventRounds "6"]
[EventCountry "BRA"]
[SourceTitle "CBM 190 Extra"]
[Source "ChessBase"]
[SourceDate "2019.07.15"]
[SourceVersion "1"]
[SourceVersionDate "2019.07.15"]
[SourceQuality "1"]

1. e4 e5 2. Nf3 Nc6 3. Bc4 Bc5 4. 0-0 Nf6 5. d3 h6 6. Nc3 d6 7. a3 Bg4 8. h3 Bh5 9. g4 Bg6 10. b4 Bb6 11. Na4 0-0 12. Nxb6 axb6 13. c3 d5 14. exd5 Nxd5 15. b5 Na5 16. Nxe5 Nxc4 17. dxc4 Nxc3 18. Qxd8 Raxd8 19. g5 h5 20. Bb2 Ne2+ 21. Kh2 Bf5 22. Rae1 Rd2 23. Bc1 Ra2 24. Nf3 Nxc1 25. Rxc1 Rxa3 26. Nh4 Rxh3+ 27. Kg2 Rxh4 28. Kg3 Rg4+ 29. Kh3 Rd8 30. f3 Rxc4+ 31. Kg3 Rdd4 32. Rxc4 Rxc4 33. f4 Rc5 34. Kh4 Rc3 35. Rh1 g6 36. Rh2 c5 37. bxc6 bxc6 38. Rh1 b5 39. Rh2 b4 40. Rh1 b3 41. Rh2 Rh3+ 42. Rxh3 Bxh3 43. Kxh3 b2 44. Kg3 b1Q 45. Kf3 Qd3+ 46. Kf2 c5 47. Ke1 c4 0-1

[Event "Rio Branco op 2nd"]
[Site "Rio Branco"]
[Date "2019.04.19"]
[Round "2"]
[White "Souza, Neurismar da Rocha"]
[Black "Teramoto, Anderson"]
[Result "0-1"]
[WhiteElo "1597"]
[BlackElo "1667"]
[PlyCount "62"]
[EventDate "2019.04.19"]
[EventType "swiss"]
[EventRounds "6"]
[EventCountry "BRA"]
[SourceTitle "CBM 190 Extra"]
[Source "ChessBase"]
[SourceDate "2019.07.15"]
[SourceVersion "1"]
[SourceVersionDate "2019.07.15"]
[SourceQuality "1"]

1. e4 g6 2. Nf3 Bg7 3. Bc4 d6 4. Ng5 e6 5. Nc3 Qxg5 6. 0-0 Qe7 7. d4 c6 8. f4 b5 9. Be2 Nh6 10. e5 d5 11. g4 Bd7 12. g5 Nf5 13. Rf3 a5 14. a3 Na6 15. Qd3 Nc7 16. Nd1 c5 17. c3 c4 18. Qd2 b4 19. Nf2 b3 20. Qe1 h5 21. Rh3 Rb8 22. Bd2 Bc6 23. Kh1 Kd7 24. Kg1 Rb6 25. Kh1 a4 26. Kg1 Rhb8 27. Kh1 Nb5 28. Kg1 Bf8 29. Kh1 Qe8 30. Kg1 Bxa3 31. bxa3 Nxa3 0-1